Enterpreneurship (Record no. 5149)

MARC details
000 -LEADER
fixed length control field 00394nam a22001697a 4500
005 - DATE AND TIME OF LATEST TRANSACTION
control field 20180703150600.0
008 - FIXED-LENGTH DATA ELEMENTS--GENERAL INFORMATION
fixed length control field 160702b xxu||||| |||| 00| 0 eng d
020 ## - INTERNATIONAL STANDARD BOOK NUMBER
ISBN 978-93-85000-18-8
041 ## - LANGUAGE CODE
Language code of text/sound track or separate title eng
082 ## - DEWEY DECIMAL CLASSIFICATION NUMBER
Item number 20882
Classification number 658.11
100 ## - MAIN ENTRY--AUTHOR NAME
Personal name Sinha, Praveen and others
245 ## - TITLE STATEMENT
Title Enterpreneurship
260 ## - PUBLICATION, DISTRIBUTION, ETC. (IMPRINT)
Name of publisher CEGR
300 ## - PHYSICAL DESCRIPTION
Number of Pages 442p,
650 ## - SUBJECT ADDED ENTRY--TOPICAL TERM
Topical Term Management
942 ## - ADDED ENTRY ELEMENTS (KOHA)
Koha item type Books
Holdings
Lost status Damaged status Collection code Home library Current library Shelving location Date acquired Cost, normal purchase price Full call number Accession Number Koha item type
    Reference JRU Library   SHELF-30-E 02/07/2016 685.00 20882 20882 Books
      JRU Library   SHELF-30-E 02/07/2016 685.00 20882 20883 Books